[Event "MCR mladeze v rapidu 2019"]
[Site "Trest"]
[Date "2019.09.08"]
[Round "8"]
[White "Soucek, Jan"]
[Black "Brozka, Karel"]
[Result "0-1"]
[BlackElo "1971"]
[WhiteElo "1778"]
[LiveChessVersion "1.4.8"]

1. e4 {[%clk 0:20:09]} c6 {[%clk 0:20:09]} 2. Nc3 {[%clk 0:20:12]} d5
{[%clk 0:20:13]} 3. Nf3 {[%clk 0:20:11]} dxe4 {[%clk 0:20:04]} 4. Nxe4
{[%clk 0:20:15]} Nd7 {[%clk 0:20:05]} 5. d4 {[%clk 0:19:55]} Ngf6
{[%clk 0:20:08]} 6. Bd3 {[%clk 0:19:29]} Nxe4 {[%clk 0:20:08]} 7. Bxe4
{[%clk 0:19:33]} Nf6 {[%clk 0:20:11]} 8. Bd3 {[%clk 0:19:37]} Bg4
{[%clk 0:20:10]} 9. c3 {[%clk 0:19:10]} e6 {[%clk 0:20:06]} 10. O-O
{[%clk 0:19:00]} Bd6 {[%clk 0:20:00]} 11. Bg5 {[%clk 0:18:52]} h6
{[%clk 0:19:46]} 12. Bh4 {[%clk 0:18:51]} O-O {[%clk 0:19:46]} 13. h3
{[%clk 0:18:05]} Bxf3 {[%clk 0:17:10]} 14. Qxf3 {[%clk 0:18:05]} Be7
{[%clk 0:17:12]} 15. Rfe1 {[%clk 0:16:45]} Qb6 {[%clk 0:15:28]} 16. Re2
{[%clk 0:14:51]} Rfd8 {[%clk 0:14:22]} 17. Rae1 {[%clk 0:14:35]} Rac8
{[%clk 0:13:09]} 18. g4 {[%clk 0:11:36]} c5 {[%clk 0:11:23]} 19. g5
{[%clk 0:09:07]} hxg5 {[%clk 0:10:56]} 20. Bxg5 cxd4 {[%clk 0:09:36]} 21. c4
{[%clk 0:08:26]} Qc6 {[%clk 0:07:29]} 22. Qg3 {[%clk 0:06:09]} Nh5
{[%clk 0:05:31]} 23. Qh4 {[%clk 0:05:16]} Bxg5 {[%clk 0:05:30]} 24. Qxg5
{[%clk 0:05:20]} Nf6 {[%clk 0:05:28]} 25. Be4 {[%clk 0:01:23]} Qb6
{[%clk 0:04:46]} 26. Kh1 {[%clk 0:00:42]} Rc5 {[%clk 0:03:54]} 27. Qg3
{[%clk 0:00:25]} Qd6 {[%clk 0:03:22]} 28. Qxd6 {[%clk 0:00:16]} Rxd6
{[%clk 0:03:23]} 29. Bxb7 {[%clk 0:00:18]} Rxc4 {[%clk 0:03:17]} 30. Rd2
{[%clk 0:00:18]} Rb4 {[%clk 0:02:19]} 31. Bf3 {[%clk 0:00:19]} Ra4
{[%clk 0:02:04]} 32. b3 {[%clk 0:00:20]} Ra5 {[%clk 0:02:03]} 33. Kg2
{[%clk 0:00:18]} Rg5+ {[%clk 0:02:05]} 34. Kh2 {[%clk 0:00:19]} e5
{[%clk 0:01:37]} 35. h4 {[%clk 0:00:21]} Rf5 {[%clk 0:01:35]} 36. Kg3
{[%clk 0:00:13]} Nd7 {[%clk 0:01:21]} 37. Bg4 {[%clk 0:00:12]} Rff6
{[%clk 0:00:46]} 38. Bxd7 {[%clk 0:00:16]} Rxd7 {[%clk 0:00:51]} 39. Rxe5
{[%clk 0:00:20]} Kh7 {[%clk 0:00:29]} 40. Ra5 {[%clk 0:00:15]} d3
{[%clk 0:00:21]} 41. Re5 {[%clk 0:00:16]} Kg6 {[%clk 0:00:19]} 42. h5+
{[%clk 0:00:19]} Kh6 {[%clk 0:00:20]} 43. f4 {[%clk 0:00:18]} Rfd6
{[%clk 0:00:15]} 44. Kf3 {[%clk 0:00:21]} f6 {[%clk 0:00:16]} 45. Ra5
{[%clk 0:00:19]} g5 {[%clk 0:00:13]} 46. fxg5+ {[%clk 0:00:15]} fxg5
{[%clk 0:00:18]} 47. Kg4 {[%clk 0:00:18]} Rd4+ 48. Kf5 {[%clk 0:00:18]} R7d5+
{[%clk 0:00:12]} 49. Rxd5 {[%clk 0:00:21]} Rxd5+ {[%clk 0:00:16]} 50. Kg4
{[%clk 0:00:24]} Rd4+ {[%clk 0:00:20]} 51. Kf5 {[%clk 0:00:28]} Rd5+
{[%clk 0:00:19]} 52. Kg4 {[%clk 0:00:32]} a6 {[%clk 0:00:14]} 53. b4
{[%clk 0:00:32]} Rd4+ {[%clk 0:02:13]} 54. Kf5 {[%clk 0:00:35]} Rxb4
{[%clk 0:01:37]} 55. Rxd3 {[%clk 0:00:36]} Rf4+ {[%clk 0:01:41]} 56. Ke5
{[%clk 0:00:32]} Kxh5 57. Rd6 {[%clk 0:00:29]} Ra4 {[%clk 0:01:46]} 58. Rd2
{[%clk 0:00:31]} Kh4 {[%clk 0:01:42]} 59. Kf5 {[%clk 0:00:34]} g4
{[%clk 0:01:41]} 60. Rh2+ {[%clk 0:00:27]} Kg3 {[%clk 0:01:45]} 61. Rh1
{[%clk 0:00:19]} Kg2 {[%clk 0:01:47]} 62. Rh8 {[%clk 0:00:15]} g3
{[%clk 0:01:48]} 63. Re8 {[%clk 0:00:16]} Kf1 {[%clk 0:01:40]} 64. Kg5
{[%clk 0:00:16]} g2 {[%clk 0:01:36]} 65. Rf8+ {[%clk 0:00:20]} Kg1
{[%clk 0:01:40]} 66. Rf6 {[%clk 0:00:18]} Rxa2 {[%clk 0:01:38]} 67. Kg4
{[%clk 0:00:22]} Rf2 {[%clk 0:01:42]} 68. Rxa6 {[%clk 0:00:24]} Rb2
{[%clk 0:00:50]} 69. Kg3 {[%clk 0:00:12]} Rb3+ {[%clk 0:00:54]} 70. Kg4
{[%clk 0:00:16]} Kf1 {[%clk 0:00:44]} 71. Ra1+ {[%clk 0:00:19]} Kf2
{[%clk 0:00:43]} 72. Ra2+ {[%clk 0:00:22]} Kg1 {[%clk 0:00:37]} 73. Ra8
{[%clk 0:00:22]} Rd3 {[%clk 0:00:33]} 74. Ra7 {[%clk 0:00:23]} Kf1
{[%clk 0:00:31]} 75. Ra1+ {[%clk 0:00:11]} Ke2 {[%clk 0:00:26]} 76. Ra2+
{[%clk 0:00:15]} Rd2 {[%clk 0:00:23]} 77. Ra1 {[%clk 0:00:19]} Kf2
{[%clk 0:00:26]} 0-1

[Event "MCR mladeze v rapidu 2019"]
[Site "Trest"]
[Date "2019.09.08"]
[Round "8"]
[White "Nemec, Jachym"]
[Black "Paseka, Matyas"]
[Result "1-0"]
[BlackElo "2119"]
[WhiteElo "2033"]
[LiveChessVersion "1.4.8"]

1. e4 {[%clk 0:20:08]} c5 {[%clk 0:20:07]} 2. Nf3 {[%clk 0:20:11]} d6
{[%clk 0:20:11]} 3. d4 {[%clk 0:20:14]} cxd4 {[%clk 0:20:14]} 4. Nxd4
{[%clk 0:20:17]} Nf6 {[%clk 0:20:18]} 5. Nc3 {[%clk 0:20:21]} a6 {[%clk 0:20:22]}
6. h3 {[%clk 0:20:25]} e5 {[%clk 0:20:16]} 7. Nde2 {[%clk 0:20:27]} h5
{[%clk 0:20:19]} 8. Bg5 {[%clk 0:20:31]} Be6 {[%clk 0:19:44]} 9. Bxf6
{[%clk 0:20:35]} Qxf6 {[%clk 0:19:48]} 10. Nd5 {[%clk 0:20:39]} Qd8
{[%clk 0:19:45]} 11. Qd3 {[%clk 0:20:42]} Nd7 {[%clk 0:18:41]} 12. O-O-O
{[%clk 0:20:44]} Nc5 {[%clk 0:18:36]} 13. Qf3 {[%clk 0:20:40]} Be7
{[%clk 0:17:26]} 14. Kb1 {[%clk 0:20:37]} Rc8 {[%clk 0:17:13]} 15. Nec3
{[%clk 0:20:28]} b5 {[%clk 0:16:46]} 16. Ne3 {[%clk 0:19:13]} g6 {[%clk 0:12:39]}
17. Ncd5 {[%clk 0:19:14]} Na4 {[%clk 0:09:23]} 18. Be2 {[%clk 0:18:17]} Nb6
{[%clk 0:09:18]} 19. Nb4 {[%clk 0:16:00]} Nc4 {[%clk 0:08:39]} 20. Bxc4
{[%clk 0:15:54]} bxc4 {[%clk 0:08:42]} 21. c3 {[%clk 0:14:20]} Bf6
{[%clk 0:06:30]} 22. Nbd5 {[%clk 0:13:04]} Bg7 {[%clk 0:06:30]} 23. g4
{[%clk 0:12:59]} h4 {[%clk 0:04:22]} 24. Rhg1 {[%clk 0:12:39]} Qg5
{[%clk 0:03:20]} 25. Nf5 {[%clk 0:10:33]} gxf5 {[%clk 0:01:26]} 26. gxf5
{[%clk 0:10:36]} Qh6 {[%clk 0:01:30]} 27. fxe6 {[%clk 0:09:37]} fxe6
{[%clk 0:01:33]} 28. Ne3 {[%clk 0:09:38]} Rf8 {[%clk 0:00:59]} 29. Qg4
{[%clk 0:09:33]} Rf7 {[%clk 0:00:15]} 30. Rxd6 {[%clk 0:09:32]} Re7
{[%clk 0:00:19]} 31. Nd5 {[%clk 0:09:28]} Qd2 {[%clk 0:00:06]} 32. Nf6+
{[%clk 0:09:28]} 1-0

[Event "MCR mladeze v rapidu 2019"]
[Site "Trest"]
[Date "2019.09.08"]
[Round "8"]
[White "Simunek, Jakub Simon"]
[Black "Hladky, Tadeas"]
[Result "1/2-1/2"]
[BlackElo "1716"]
[WhiteElo "1608"]
[LiveChessVersion "1.4.8"]

1. d4 {[%clk 0:20:08]} Nf6 2. Nf3 {[%clk 0:20:10]} g6 {[%clk 0:20:12]} 3. Nc3
{[%clk 0:20:13]} d5 {[%clk 0:20:14]} 4. Bf4 {[%clk 0:20:15]} Bg7 {[%clk 0:20:17]}
5. e3 {[%clk 0:20:18]} c6 {[%clk 0:19:53]} 6. Be2 {[%clk 0:20:17]} O-O
{[%clk 0:19:54]} 7. O-O {[%clk 0:20:20]} Bg4 {[%clk 0:19:11]} 8. h3
{[%clk 0:20:16]} Bxf3 {[%clk 0:19:07]} 9. Bxf3 {[%clk 0:20:19]} e6
{[%clk 0:19:10]} 10. Rb1 {[%clk 0:20:01]} a5 {[%clk 0:19:07]} 11. a3
{[%clk 0:19:45]} b6 {[%clk 0:18:27]} 12. b4 {[%clk 0:19:38]} axb4
{[%clk 0:17:36]} 13. axb4 {[%clk 0:19:41]} Qe7 {[%clk 0:16:40]} 14. Qd3
{[%clk 0:18:12]} Nbd7 {[%clk 0:16:05]} 15. e4 {[%clk 0:15:19]} Nxe4
{[%clk 0:12:53]} 16. Nxe4 {[%clk 0:13:54]} dxe4 {[%clk 0:12:53]} 17. Qxe4
{[%clk 0:13:54]} Rac8 {[%clk 0:11:09]} 18. b5 {[%clk 0:13:03]} Nf6
{[%clk 0:10:06]} 19. Qd3 {[%clk 0:10:03]} Nd5 {[%clk 0:07:58]} 20. Bg3
{[%clk 0:09:48]} cxb5 {[%clk 0:07:29]} 21. Bxd5 {[%clk 0:09:09]} exd5
{[%clk 0:07:29]} 22. Rxb5 {[%clk 0:09:11]} Qe6 {[%clk 0:06:37]} 23. Rfb1
{[%clk 0:08:31]} Qc6 {[%clk 0:06:09]} 24. R1b2 {[%clk 0:06:38]} Qc4
{[%clk 0:06:10]} 25. Qxc4 {[%clk 0:05:51]} Rxc4 {[%clk 0:05:58]} 26. Be5
{[%clk 0:04:04]} Bxe5 {[%clk 0:05:58]} 27. dxe5 {[%clk 0:04:04]} Rfc8
{[%clk 0:02:32]} 28. Rxd5 {[%clk 0:04:04]} Rxc2 {[%clk 0:02:35]} 29. Rxb6
{[%clk 0:03:22]} R2c5 {[%clk 0:02:34]} 30. Rd7 {[%clk 0:03:11]} Rxe5
{[%clk 0:02:28]} 31. Rbb7 {[%clk 0:03:11]} Rf5 {[%clk 0:02:09]} 32. f3
{[%clk 0:02:43]} Rc4 {[%clk 0:01:47]} 33. Re7 {[%clk 0:01:15]} h5
{[%clk 0:01:32]} 34. g4 {[%clk 0:00:25]} Rxf3 {[%clk 0:01:22]} 35. gxh5
{[%clk 0:00:24]} gxh5 {[%clk 0:01:25]} 36. Kg2 {[%clk 0:00:19]} Rcc3
{[%clk 0:01:19]} 1/2-1/2

[Event "MCR mladeze v rapidu 2019"]
[Site "Trest"]
[Date "2019.09.08"]
[Round "8"]
[White "Mametev, Artem"]
[Black "Prazak, Daniel"]
[Result "0-1"]
[BlackElo "1681"]
[WhiteElo "1504"]
[LiveChessVersion "1.4.8"]

1. e4 {[%clk 0:20:08]} e6 {[%clk 0:20:09]} 2. d4 {[%clk 0:20:12]} d5
{[%clk 0:20:13]} 3. e5 {[%clk 0:20:15]} c5 {[%clk 0:20:13]} 4. c3
{[%clk 0:20:18]} Nc6 {[%clk 0:20:17]} 5. Nf3 {[%clk 0:20:20]} Bd7
{[%clk 0:20:20]} 6. Be2 {[%clk 0:20:23]} Nge7 {[%clk 0:20:23]} 7. Na3
{[%clk 0:19:53]} cxd4 {[%clk 0:20:26]} 8. cxd4 {[%clk 0:19:52]} Ng6
{[%clk 0:20:18]} 9. O-O {[%clk 0:19:52]} Be7 {[%clk 0:20:11]} 10. Bd2
{[%clk 0:19:00]} O-O {[%clk 0:20:00]} 11. Rc1 {[%clk 0:18:07]} Rc8
{[%clk 0:19:20]} 12. Qb3 {[%clk 0:17:41]} f6 {[%clk 0:17:39]} 13. Bd3
{[%clk 0:16:28]} fxe5 {[%clk 0:16:10]} 14. Bxg6 {[%clk 0:16:28]} hxg6
{[%clk 0:16:13]} 15. dxe5 {[%clk 0:15:51]} g5 {[%clk 0:14:50]} 16. Qe3
{[%clk 0:14:21]} g4 {[%clk 0:13:32]} 17. Nd4 {[%clk 0:14:24]} Qb6
{[%clk 0:10:16]} 18. Nxc6 {[%clk 0:14:07]} Rxc6 {[%clk 0:09:40]} 19. Rxc6
{[%clk 0:13:57]} bxc6 {[%clk 0:09:38]} 20. Qb3 {[%clk 0:13:10]} Bc5
{[%clk 0:08:40]} 21. Qxb6 {[%clk 0:12:26]} axb6 {[%clk 0:08:36]} 22. Nc2
{[%clk 0:12:30]} Rf5 {[%clk 0:07:45]} 23. b4 {[%clk 0:12:05]} Be7
{[%clk 0:07:21]} 24. Bc3 {[%clk 0:11:44]} c5 {[%clk 0:06:59]} 25. bxc5
{[%clk 0:11:24]} bxc5 {[%clk 0:06:55]} 26. Ne3 {[%clk 0:09:46]} Rg5
{[%clk 0:06:29]} 27. Bb2 {[%clk 0:09:26]} d4 {[%clk 0:05:43]} 28. Nc4
{[%clk 0:09:06]} Bb5 {[%clk 0:05:40]} 29. Rc1 {[%clk 0:09:10]} Bxc4
{[%clk 0:05:43]} 30. Rxc4 {[%clk 0:09:09]} Rxe5 {[%clk 0:05:46]} 31. a4
{[%clk 0:09:04]} Re1# {[%clk 0:05:50]} 0-1

[Event "MCR mladeze v rapidu 2019"]
[Site "Trest"]
[Date "2019.09.08"]
[Round "8"]
[White "Zelbova, Lada"]
[Black "Seda, Michaela"]
[Result "1-0"]
[BlackElo "1357"]
[WhiteElo "1521"]
[LiveChessVersion "1.4.8"]

1. d4 {[%clk 0:20:07]} d5 {[%clk 0:20:09]} 2. Bf4 {[%clk 0:20:11]} Nc6
{[%clk 0:19:54]} 3. e3 {[%clk 0:20:07]} Nf6 {[%clk 0:19:50]} 4. c4
{[%clk 0:19:20]} e6 {[%clk 0:19:25]} 5. Nc3 {[%clk 0:19:06]} Bb4 {[%clk 0:19:15]}
6. a3 {[%clk 0:18:28]} Bd6 {[%clk 0:18:33]} 7. Bg3 {[%clk 0:17:58]} Bd7
{[%clk 0:17:51]} 8. Nf3 {[%clk 0:17:00]} O-O {[%clk 0:17:23]} 9. cxd5
{[%clk 0:14:20]} exd5 {[%clk 0:17:18]} 10. Bd3 {[%clk 0:14:19]} Bg4
{[%clk 0:16:24]} 11. O-O {[%clk 0:12:57]} Re8 {[%clk 0:15:35]} 12. Be2
{[%clk 0:11:38]} Bxg3 {[%clk 0:15:04]} 13. hxg3 {[%clk 0:11:35]} Qd6
{[%clk 0:13:24]} 14. Qc2 {[%clk 0:09:33]} Re7 {[%clk 0:11:56]} 15. b4
{[%clk 0:08:48]} a6 {[%clk 0:09:15]} 16. Na4 {[%clk 0:08:07]} Nd7
{[%clk 0:06:30]} 17. Rab1 {[%clk 0:06:23]} Rb8 {[%clk 0:05:11]} 18. Nc5
{[%clk 0:06:10]} Nxc5 {[%clk 0:05:09]} 19. bxc5 {[%clk 0:06:13]} Qh6
{[%clk 0:04:14]} 20. Qb3 {[%clk 0:05:22]} Nxd4 {[%clk 0:02:28]} 21. Nxd4
{[%clk 0:04:50]} Bxe2 {[%clk 0:02:29]} 22. Nxe2 {[%clk 0:04:44]} Re5
{[%clk 0:02:20]} 23. Nf4 {[%clk 0:04:42]} g5 {[%clk 0:01:25]} 24. Nh3
{[%clk 0:04:34]} Re6 {[%clk 0:01:14]} 25. Qxd5 {[%clk 0:04:04]} Rg6
{[%clk 0:00:52]} 26. f4 {[%clk 0:03:05]} gxf4 {[%clk 0:00:42]} 27. Rxf4
{[%clk 0:02:29]} Rf8 {[%clk 0:00:09]} 28. Kh2 {[%clk 0:02:03]} Kg7
{[%clk 0:00:09]} 29. Rh4 {[%clk 0:01:52]} Qxe3 {[%clk 0:00:06]} 30. Qf3
{[%clk 0:03:10]} Qxc5 {[%clk 0:00:09]} 31. Qh5 {[%clk 0:02:37]} Qxh5
{[%clk 0:00:07]} 32. Rxh5 {[%clk 0:02:41]} Re8 {[%clk 0:00:10]} 33. Rxb7
{[%clk 0:02:31]} Re3 {[%clk 0:00:12]} 34. Rg5 {[%clk 0:02:24]} Rxg5
{[%clk 0:00:15]} 35. Nxg5 {[%clk 0:02:26]} Rxa3 {[%clk 0:00:19]} 36. Rxc7
{[%clk 0:02:29]} a5 {[%clk 0:00:19]} 37. Nxf7 {[%clk 0:02:24]} a4
{[%clk 0:00:19]} 38. Nd6+ {[%clk 0:02:09]} Kg6 {[%clk 0:00:23]} 39. Nb5
{[%clk 0:01:59]} Ra1 {[%clk 0:00:26]} 40. Ra7 {[%clk 0:01:57]} Kh6
{[%clk 0:00:26]} 41. Ra6+ {[%clk 0:01:48]} Kg7 {[%clk 0:00:29]} 42. Nc3
{[%clk 0:01:24]} a3 {[%clk 0:00:31]} 43. Nb5 {[%clk 0:01:19]} a2 {[%clk 0:00:33]}
44. Nc3 {[%clk 0:01:18]} Rc1 {[%clk 0:00:24]} 45. Nxa2 {[%clk 0:01:21]} Ra1
{[%clk 0:00:28]} 46. Nb4 {[%clk 0:01:24]} Rxa6 {[%clk 0:00:30]} 47. Nxa6
{[%clk 0:01:28]} Kg6 {[%clk 0:00:33]} 48. Kh3 {[%clk 0:01:31]} h6
{[%clk 0:00:37]} 49. Kg4 {[%clk 0:01:34]} h5+ {[%clk 0:00:39]} 50. Kh4
{[%clk 0:01:35]} Kh6 {[%clk 0:00:40]} 51. Nc5 {[%clk 0:01:38]} Kg6
{[%clk 0:00:44]} 52. Nd3 {[%clk 0:01:41]} Kh6 {[%clk 0:00:47]} 53. Nf4
{[%clk 0:01:44]} Kg7 {[%clk 0:00:47]} 54. Kxh5 {[%clk 0:01:47]} Kf6
{[%clk 0:00:50]} 55. g4 {[%clk 0:01:44]} Kg7 {[%clk 0:00:53]} 56. Kg5
{[%clk 0:01:48]} Kf7 {[%clk 0:00:54]} 57. Kh6 {[%clk 0:01:51]} Kg8
{[%clk 0:00:58]} 58. Kg6 {[%clk 0:01:55]} Kf8 {[%clk 0:01:00]} 59. Kh7
{[%clk 0:01:56]} Kf7 {[%clk 0:01:03]} 60. g5 {[%clk 0:02:00]} Kf8
{[%clk 0:01:06]} 61. g6 {[%clk 0:02:03]} Ke7 {[%clk 0:01:08]} 62. g7
{[%clk 0:02:07]} Kf6 {[%clk 0:01:11]} 63. g8=Q {[%clk 0:02:07]} Ke7
{[%clk 0:01:14]} 64. Qg6 {[%clk 0:02:07]} Kf8 {[%clk 0:01:16]} 65. Qg7+
{[%clk 0:02:05]} Ke8 {[%clk 0:01:19]} 66. Qa7 {[%clk 0:02:04]} Kf8
{[%clk 0:01:21]} 67. Kg6 {[%clk 0:02:01]} Ke8 {[%clk 0:01:24]} 68. Kf6
{[%clk 0:02:05]} Kd8 {[%clk 0:01:28]} 69. Ke6 {[%clk 0:02:08]} 1-0

[Event "MCR mladeze v rapidu 2019"]
[Site "Trest"]
[Date "2019.09.08"]
[Round "8"]
[White "Havelkova, Beata"]
[Black "Barteckova, Denisa"]
[Result "1-0"]
[BlackElo "1373"]
[WhiteElo "1541"]
[LiveChessVersion "1.4.8"]

1. e4 {[%clk 0:20:07]} d5 {[%clk 0:20:10]} 2. exd5 {[%clk 0:20:05]} Nf6
{[%clk 0:20:13]} 3. d4 {[%clk 0:20:00]} Nxd5 {[%clk 0:20:16]} 4. c4
{[%clk 0:19:59]} Nb6 {[%clk 0:20:18]} 5. Nf3 {[%clk 0:19:50]} Nc6
{[%clk 0:20:13]} 6. Nc3 {[%clk 0:19:41]} Bg4 {[%clk 0:20:12]} 7. d5
{[%clk 0:19:07]} Ne5 {[%clk 0:19:23]} 8. b3 {[%clk 0:18:31]} c6 {[%clk 0:18:46]}
9. dxc6 {[%clk 0:17:59]} Qxd1+ {[%clk 0:18:45]} 10. Nxd1 {[%clk 0:17:54]} Nxf3+
{[%clk 0:18:38]} 11. gxf3 {[%clk 0:17:56]} Bxf3 {[%clk 0:18:37]} 12. cxb7
{[%clk 0:17:16]} Bxb7 {[%clk 0:18:01]} 13. Rg1 {[%clk 0:17:17]} g6
{[%clk 0:18:02]} 14. Bb2 {[%clk 0:17:20]} f6 {[%clk 0:18:00]} 15. Bg2
{[%clk 0:17:10]} Bxg2 {[%clk 0:17:54]} 16. Rxg2 {[%clk 0:17:14]} Bg7
{[%clk 0:17:41]} 17. Ne3 {[%clk 0:17:13]} O-O {[%clk 0:17:43]} 18. Rd1
{[%clk 0:16:46]} Rfd8 {[%clk 0:17:00]} 19. Rxd8+ {[%clk 0:16:08]} Rxd8
{[%clk 0:17:02]} 20. Ke2 {[%clk 0:15:51]} f5 {[%clk 0:16:45]} 21. Bxg7
{[%clk 0:15:50]} Kxg7 {[%clk 0:16:49]} 22. Rg1 {[%clk 0:15:45]} Kf6
{[%clk 0:16:31]} 23. c5 {[%clk 0:15:15]} Nc8 {[%clk 0:15:53]} 24. b4
{[%clk 0:15:05]} Rd7 {[%clk 0:15:35]} 25. a4 {[%clk 0:14:43]} Ke5
{[%clk 0:15:11]} 26. Nc4+ {[%clk 0:14:04]} Kf4 {[%clk 0:14:31]} 27. Rg3
{[%clk 0:12:52]} Rd4 {[%clk 0:13:55]} 28. Rf3+ {[%clk 0:12:40]} Ke4
{[%clk 0:13:50]} 29. Nd2+ {[%clk 0:11:57]} Kd5 {[%clk 0:13:40]} 30. Rb3
{[%clk 0:11:46]} e5 {[%clk 0:13:37]} 31. Rd3 {[%clk 0:09:03]} e4 {[%clk 0:12:35]}
32. Rb3 {[%clk 0:08:56]} g5 {[%clk 0:12:07]} 33. a5 {[%clk 0:07:52]} g4
{[%clk 0:11:29]} 34. b5 {[%clk 0:07:43]} Kxc5 {[%clk 0:11:18]} 35. Rc3+
{[%clk 0:07:45]} Kxb5 {[%clk 0:11:03]} 36. Rxc8 {[%clk 0:07:46]} Kxa5
{[%clk 0:11:07]} 37. Nb3+ {[%clk 0:07:49]} Kb4 {[%clk 0:11:10]} 38. Nxd4
{[%clk 0:07:51]} a5 {[%clk 0:11:14]} 39. Rb8+ {[%clk 0:07:10]} Kc3
{[%clk 0:11:12]} 40. Nb5+ {[%clk 0:07:07]} Kb4 {[%clk 0:10:14]} 41. Nd6+
{[%clk 0:06:55]} Kc3 {[%clk 0:10:14]} 42. Nxf5 {[%clk 0:06:53]} a4
{[%clk 0:10:16]} 43. Kd1 {[%clk 0:06:11]} a3 {[%clk 0:10:07]} 44. Ne3
{[%clk 0:06:13]} a2 {[%clk 0:09:35]} 45. Nc2 {[%clk 0:06:16]} g3 {[%clk 0:09:36]}
46. hxg3 {[%clk 0:06:18]} h5 {[%clk 0:09:27]} 47. Kc1 {[%clk 0:06:01]} a1=Q+
{[%clk 0:09:25]} 48. Nxa1 {[%clk 0:06:03]} Kd3 {[%clk 0:09:29]} 49. Kd1
{[%clk 0:05:50]} Kc3 {[%clk 0:09:20]} 50. Rd8 {[%clk 0:05:46]} Kb2
{[%clk 0:09:18]} 51. Rc8 Kxa1 {[%clk 0:08:49]} 52. Kc2 {[%clk 0:05:40]} e3
{[%clk 0:08:48]} 53. Ra8# 1-0

[Event "MCR mladeze v rapidu 2019"]
[Site "Trest"]
[Date "2019.09.08"]
[Round "8"]
[White "Sikorova, Jana"]
[Black "Dudkova, Josefina"]
[Result "1-0"]
[BlackElo "1407"]
[WhiteElo "1309"]
[LiveChessVersion "1.4.8"]

1. d4 {[%clk 0:20:08]} Nf6 {[%clk 0:19:58]} 2. Bf4 {[%clk 0:20:07]} d5
{[%clk 0:19:50]} 3. e3 {[%clk 0:20:02]} e6 {[%clk 0:19:24]} 4. Nf3
{[%clk 0:20:00]} Bd6 {[%clk 0:18:58]} 5. Bg3 {[%clk 0:19:56]} Bxg3
{[%clk 0:18:39]} 6. hxg3 {[%clk 0:19:44]} O-O {[%clk 0:17:52]} 7. Qd3
{[%clk 0:19:37]} h6 {[%clk 0:16:07]} 8. c4 {[%clk 0:18:05]} Nc6 {[%clk 0:15:10]}
9. Nc3 {[%clk 0:17:31]} b6 {[%clk 0:14:13]} 10. Be2 {[%clk 0:17:26]} Ba6
{[%clk 0:13:23]} 11. b3 {[%clk 0:16:52]} Qd6 {[%clk 0:12:33]} 12. Qd2
{[%clk 0:16:03]} Qb4 {[%clk 0:10:54]} 13. cxd5 {[%clk 0:15:08]} Nxd5
{[%clk 0:07:22]} 14. Nxd5 {[%clk 0:13:50]} Qxd2+ {[%clk 0:07:10]} 15. Kxd2
{[%clk 0:13:20]} Bxe2 {[%clk 0:06:43]} 16. Kxe2 {[%clk 0:12:58]} exd5
{[%clk 0:06:41]} 17. Rac1 {[%clk 0:12:48]} Nb4 {[%clk 0:06:04]} 18. a3
{[%clk 0:12:41]} Na6 {[%clk 0:06:03]} 19. Rc3 {[%clk 0:11:31]} Rac8
{[%clk 0:05:32]} 20. Rhc1 {[%clk 0:11:19]} f6 {[%clk 0:05:02]} 21. b4
{[%clk 0:10:53]} b5 {[%clk 0:04:39]} 22. Rc6 {[%clk 0:10:40]} Nb8
{[%clk 0:04:11]} 23. Rxc7 {[%clk 0:10:30]} Rxc7 {[%clk 0:04:05]} 24. Rxc7
{[%clk 0:10:32]} Rf7 {[%clk 0:03:53]} 25. Rc8+ {[%clk 0:10:15]} Rf8
{[%clk 0:03:54]} 26. Rc5 {[%clk 0:10:05]} a6 {[%clk 0:03:06]} 27. Rxd5
{[%clk 0:09:40]} Rc8 {[%clk 0:02:55]} 28. Kd2 {[%clk 0:09:11]} Kf7
{[%clk 0:02:38]} 29. Rc5 {[%clk 0:09:10]} Rxc5 {[%clk 0:02:28]} 30. dxc5
{[%clk 0:09:12]} Nc6 {[%clk 0:02:28]} 31. Nd4 {[%clk 0:08:58]} Ne5
{[%clk 0:02:17]} 32. c6 {[%clk 0:07:34]} Ke7 {[%clk 0:02:07]} 33. c7
{[%clk 0:06:56]} Kd7 {[%clk 0:02:05]} 34. Ne6 {[%clk 0:06:22]} g6
{[%clk 0:01:10]} 35. f3 {[%clk 0:05:42]} Nc4+ {[%clk 0:01:01]} 36. Kd3
{[%clk 0:05:28]} Nxa3 {[%clk 0:00:56]} 37. Nf8+ {[%clk 0:04:42]} Kxc7
{[%clk 0:00:53]} 38. Nxg6 {[%clk 0:04:44]} Kd6 {[%clk 0:00:44]} 39. Nf4
{[%clk 0:04:16]} Nc4 {[%clk 0:00:31]} 40. Nh5 {[%clk 0:04:01]} Ke6
{[%clk 0:00:23]} 41. Kd4 {[%clk 0:03:48]} f5 {[%clk 0:00:11]} 42. Nf4+
{[%clk 0:03:26]} Kd6 {[%clk 0:00:11]} 43. e4 {[%clk 0:02:56]} fxe4
{[%clk 0:00:11]} 44. fxe4 {[%clk 0:02:45]} Kc6 {[%clk 0:00:08]} 45. e5
{[%clk 0:02:39]} Kd7 {[%clk 0:00:10]} 46. Kc5 {[%clk 0:02:29]} Ne3
{[%clk 0:00:08]} 47. e6+ {[%clk 0:02:11]} Ke7 {[%clk 0:00:12]} 48. Kb6
{[%clk 0:02:10]} Nc2 {[%clk 0:00:09]} 49. Kxa6 {[%clk 0:02:11]} Nxb4+
{[%clk 0:00:10]} 50. Kxb5 {[%clk 0:02:13]} Nc2 {[%clk 0:00:09]} 51. Kc5
{[%clk 0:02:06]} Ne3 {[%clk 0:00:09]} 52. Nd5+ {[%clk 0:01:54]} Nxd5
{[%clk 0:00:09]} 53. Kxd5 {[%clk 0:01:57]} h5 {[%clk 0:00:08]} 54. Ke5
{[%clk 0:02:01]} Ke8 {[%clk 0:00:09]} 55. Kf6 {[%clk 0:02:01]} h4 1-0